| 000 | 00440nam a22001337a 4500 | ||
|---|---|---|---|
| 082 |
_a340 _bZAI |
||
| 100 | _aZainab, Dina | ||
| 245 |
_aClimate Refugees in Conflict Zones: _bLegal Gaps and Economic Strains in International Law / _cDina Zainab |
||
| 260 |
_aIslamabad : _bNUST Law School, _c2025. |
||
| 300 |
_a37 p. ; _c30 CM. |
||
| 563 | _aHBK. | ||
| 856 | _uhttp://10.250.8.41:8080/xmlui/handle/123456789/56182 | ||
| 942 |
_2ddc _cPR |
||
| 999 |
_c615637 _d615637 |
||